00237nam a2200073Ia 4500082001600000245008500016100002100101008004100122 a778.93 BENV 0aThe art of nature photography : perfect your pictures in-camera and in-computer  a Benvie, Niall 210825s9999 xx 000 0 und d